Truyện Nôm bình dân Q.3 Truyện Nôm bình dân
Một số truyện Nôm bình dân: Song phượng kỳ duyên, Châu sơ kim kính lục,Trương Viên, Thoại Khanh Châu Tuấn
সংরক্ষণ করুন:
| অন্যান্য লেখক: | , , , |
|---|---|
| বিন্যাস: | গ্রন্থ |
| ভাষা: | Vietnamese |
| প্রকাশিত: |
H.
Khoa học xã hội
2014
|
| বিষয়গুলি: | |
| ট্যাগগুলো: |
ট্যাগ যুক্ত করুন
কোনো ট্যাগ নেই, প্রথমজন হিসাবে ট্যাগ করুন!
|
| Thư viện lưu trữ: | Mạng thư viện Đại học Đà Nẵng |
|---|
| LEADER | 01957aam a22004458a 4500 | ||
|---|---|---|---|
| 001 | 000020842 | ||
| 003 | 17289 | ||
| 005 | 20150401100457.0 | ||
| 008 | 150327s2014 viesd | ||
| 020 | |d 2000b | ||
| 041 | 0 | |a vie | |
| 082 | 0 | 4 | |2 23 |a 398.20495922 |b Tru |
| 245 | 0 | 0 | |a Truyện Nôm bình dân |c B.s.: Kiều Thu Hoạch (ch.b.), Hoàng Hồng Cẩm, Nguyễn Thị Lâm, Trần Kim Anh |n Q.3 |p Truyện Nôm bình dân |
| 260 | |a H. |b Khoa học xã hội |c 2014 | ||
| 300 | |a 301 tr. |c 21 cm. | ||
| 500 | |a ĐTTS ghi: Hội Văn nghệ dân gian Việt Nam | ||
| 504 | |a Thư mục tr.301 | ||
| 520 | 3 | |a Một số truyện Nôm bình dân: Song phượng kỳ duyên, Châu sơ kim kính lục,Trương Viên, Thoại Khanh Châu Tuấn | |
| 650 | 0 | 4 | |2 Bộ TK TVQG |a Truyện Nôm |z Việt Nam |
| 651 | 7 | |2 Bộ TK TVQG |a Việt Nam | |
| 653 | |a Văn học dân gian | ||
| 653 | |a Truyện Nôm | ||
| 655 | 7 | |2 Bộ TK TVQG |a Truyện Nôm | |
| 700 | 1 | |a Hoàng Hồng Cẩm |e b.s. | |
| 700 | 1 | |a Kiều Thu Hoạch |e ch.b. | |
| 700 | 1 | |a Trần Kim Anh |e b.s. | |
| 700 | 1 | |a Nguyễn Thị Lâm |e b.s. | |
| 773 | |d Khoa học xã hội |d H. |d 2014 |n ĐTTS ghi: Hội Văn nghệ dân gian Việt Nam |t Truyện Nôm bình dân |w 17286 | ||
| OWN | |a LSP | ||
| AVA | |a UDN50 |b LNN |d 398.20495922 Tru |e available |t Error 5001 Not defined in file expand_doc_bib_avail. |f 1 |g 0 |h N |i 0 | ||
| AVA | |a UDN50 |b LSP |d 398.20495922 Tru |e available |t Error 5001 Not defined in file expand_doc_bib_avail. |f 1 |g 0 |h N |i 0 |k 1 | ||
| 999 | |a From the UDN01 | ||
| AVA | |a UDN50 |b LNN |d 398.20495922 Tru |e available |t Error 5001 Not defined in file expand_doc_bib_avail. |f 1 |g 0 |h N |i 0 | ||
| AVA | |a UDN50 |b LSP |d 398.20495922 Tru |e available |t Error 5001 Not defined in file expand_doc_bib_avail. |f 1 |g 0 |h N |i 0 |k 1 | ||
| TYP | |a Monograph | ||
| TYP | |a Printed language | ||
| 980 | |a Mạng thư viện Đại học Đà Nẵng | ||